चन्दन संतन घिसै / (Record no. 112681)

MARC details
000 -LEADER
fixed length control field 01069nam a22002777a 4500
003 - CONTROL NUMBER IDENTIFIER
control field dpl
005 - DATE AND TIME OF LATEST TRANSACTION
control field 20190606130202.0
008 - FIXED-LENGTH DATA ELEMENTS--GENERAL INFORMATION
fixed length control field 190606b ||||| |||| 00| 0 eng d
010 ## - LIBRARY OF CONGRESS CONTROL NUMBER
LC control number A-665427
020 ## - INTERNATIONAL STANDARD BOOK NUMBER
Terms of availability 50.00
035 ## - SYSTEM CONTROL NUMBER
System control number A-665427, A-665428
037 ## - SOURCE OF ACQUISITION
Source of stock number/acquisition Cen Lib/Ret
040 ## - CATALOGING SOURCE
Original cataloging agency DPL
Language of cataloging HN
Transcribing agency 0
082 ## - DEWEY DECIMAL CLASSIFICATION NUMBER
Classification number 822
Item number सत्यश
100 ## - MAIN ENTRY--PERSONAL NAME
Personal name सत्य शकुन
9 (RLIN) 48717
245 ## - TITLE STATEMENT
Title चन्दन संतन घिसै /
Statement of responsibility, etc सत्य शुकंन
246 ## - VARYING FORM OF TITLE
Title proper/short title Chandan santan ghise /
Remainder of title by Satya Shakun
260 ## - PUBLICATION, DISTRIBUTION, ETC. (IMPRINT)
Place of publication, distribution, etc दिल्ली
Name of publisher, distributor, etc राष्ट्रभाषा संस्थान
Date of publication, distribution, etc 1993
270 ## - ADDRESS
Address C-8/174 यमुना विहार
City दिल्ली
Postal code 110053
300 ## - PHYSICAL DESCRIPTION
Extent 104पृ.
Dimensions 21सेमी (सजिल्द)
650 ## - SUBJECT ADDED ENTRY--TOPICAL TERM
Topical term or geographic name as entry element हिंदी साहित्य
9 (RLIN) 48719
650 ## - SUBJECT ADDED ENTRY--TOPICAL TERM
Topical term or geographic name as entry element हिंदी साहित्य--नाटक
9 (RLIN) 48721
650 ## - SUBJECT ADDED ENTRY--TOPICAL TERM
Topical term or geographic name as entry element Hindi literature--Drama
9 (RLIN) 48723
650 ## - SUBJECT ADDED ENTRY--TOPICAL TERM
Topical term or geographic name as entry element Hindi literature--
9 (RLIN) 48724
942 ## - ADDED ENTRY ELEMENTS (KOHA)
Source of classification or shelving scheme Dewey Decimal Classification
Koha item type Hindi Books
Classification part 822
Call number suffix सत्यश
Holdings
Withdrawn status Lost status Damaged status Not for loan Home library Current library Date acquired Source of acquisition Cost, normal purchase price Total Checkouts Full call number Barcode Date last seen Copy number Cost, replacement price Price effective from Koha item type Source of classification or shelving scheme Collection code
        Central Library Central Library 10/08/2015 Cen Lib/Ret 50.00   822 सत्यश A-665427 10/08/2015 1 50.00 10/08/2015 Hindi Books    
        Shahdara Branch Shahdara Branch 06/06/2019 BPPD/PUB 50.00   822 सत्यश A-665428 06/06/2019   50.00 06/06/2019 Hindi Books Dewey Decimal Classification Non-fiction

© Delhi Public Library
Hit Counter
free hit counter